Statistics for The Countries of the World's Most Beautiful Woman

Click here to take the quiz!

General Stats

  • This quiz has been taken 793 times
  • The average score is 16 of 25

Answer Stats

Answers:% Correct
USA
94%
Russia
90%
Brazil
88%
Spain
86%
France
85%
Italy
84%
Sweden
84%
Germany
83%
Canada
81%
Mexico
81%
Colombia
73%
India
73%
Venezuela
71%
Ukraine
65%
Poland
63%
Finland
62%
Greece
60%
United Kingdom
60%
Peru
52%
Philippines
36%
Ecuador
35%
Slovakia
29%
Lebanon
17%
Puerto Rico
10%
Angola
7%

Score Distribution

Percentile by Number Answered

Percent of People with Each Score

Your Score History

You have not taken this quiz